000 00629nam a22002057a 4500
005 20250519110036.0
008 250519b |||||||| |||| 00| 0 eng d
040 _cDO
245 _aMarco polo venice to china
250 _aMay 2001 Vol. 199 No. 5
490 _aNational Geographic
520 _aThe Adventures of Marco Polo, Jaguars, Black Sea Mysteries, Deadly Haven: Mexico's Poisonous Cave, Pterosaurs, The Fragile World of Frogs, Jamestown, NM
650 _xMARCO POLO
650 _xJAGUARS
650 _xDEEP BLACK SEA
650 _xDEADLY HAVEN
650 _xPTEROSAURUS
650 _xFROGS
942 _2ddc
_cCR
999 _c5525
_d5525